[Event "4NCL/Div1/BRI1 vs. BAR1"]
[Site "West Bromwich ENG"]
[Date "2005.05.01"]
[Round "10.6"]
[White "Ferguson, Mark"]
[Black "Sherwin, James T"]
[Result "1/2-1/2"]
[WhiteElo "2387"]
[BlackElo "2302"]
[PlyCount "90"]
[EventDate "2005.05.01"]
[SourceDate "2004.09.21"]

1. e4 c5 2. Nf3 d6 3. Bc4 e6 4. O-O a6 5. Re1 Nc6 6. c3 Nf6 7. Bb3 Be7 8. d4
O-O 9. Nbd2 cxd4 10. cxd4 e5 11. Nc4 exd4 12. Nxd4 Bd7 13. Bg5 Rc8 14. Nxc6
Rxc6 15. Ne3 Re8 16. Qf3 Rc5 17. Bh4 Be6 18. Rad1 Qc8 19. h3 b5 20. g4 Qb7 21.
Ng2 Bc4 22. Rd2 h6 23. Bc2 Be6 24. Bb1 Nxg4 25. hxg4 Bxh4 26. Nxh4 Bxg4 27. Qd3
Qe7 28. Ng2 Rh5 29. e5 Bf5 30. Qe2 Qg5 31. Bxf5 Rxe5 32. f4 Rxe2 33. fxg5 Rxe1+
34. Nxe1 Rxg5+ 35. Ng2 Rxf5 36. Rxd6 a5 37. Ne3 Re5 38. Kf2 f5 39. Kf3 Kf7 40.
Kf4 Re4+ 41. Kf3 Re5 42. Nc2 h5 43. Nd4 g5 44. Rd7+ Kg6 45. Rd6+ Kf7 1/2-1/2

[Event "4NCL/Div1/BRI1 vs. BAR1"]
[Site "West Bromwich ENG"]
[Date "2005.05.01"]
[Round "10.7"]
[White "Buckley, David E"]
[Black "Knott, Simon"]
[Result "0-1"]
[WhiteElo "2223"]
[BlackElo "2386"]
[PlyCount "136"]
[EventDate "2005.05.01"]
[SourceDate "2004.09.21"]

1. e4 e6 2. d4 d5 3. Nd2 c5 4. Ngf3 cxd4 5. exd5 Qxd5 6. Bc4 Qd6 7. Qe2 Nf6 8.
Nb3 Nc6 9. Bg5 Qb4+ 10. Bd2 Qb6 11. O-O-O Bd7 12. Bg5 Bc5 13. Ne5 Nxe5 14. Qxe5
Be7 15. Kb1 h6 16. Bh4 Rc8 17. Rxd4 O-O 18. Qe2 Rfd8 19. Rhd1 Be8 20. f4 Rxd4
21. Nxd4 Qc7 22. Bb3 Qxf4 23. g3 Qc7 24. Nxe6 fxe6 25. Qxe6+ Kh7 26. Bxf6 Bxf6
27. Qg8+ Kg6 28. c3 Ba4 29. Qe6 Bxb3 30. axb3 Rd8 31. Rxd8 Qxd8 32. Qe4+ Kf7
33. Qxb7+ Qe7 34. Qd5+ Qe6 35. Qb7+ Qe7 36. Qd5+ Qe6 37. Qb7+ Kg6 38. Qxa7 Qxb3
39. Qd7 Qc4 40. Qe8+ Kh7 41. Kc2 Qf1 42. Qd7 Qf2+ 43. Kb3 h5 44. Qh3 g6 45. Ka3
Bg7 46. Kb3 Qe2 47. Ka3 Qc4 48. Qd7 Kg8 49. Qd2 Bf8+ 50. b4 Bg7 51. Ka4 Bxc3
52. Qd8+ Kg7 53. Qe7+ Qf7 54. Qc5 Qd7+ 55. Kb3 Bd4 56. Qc2 Kh7 57. Qe2 Qf7+ 58.
Kc2 Qf2 59. Qxf2 Bxf2 60. Kd3 Bg1 61. h3 Bf2 62. g4 hxg4 63. hxg4 Kh6 64. Ke4
Kg5 65. Kf3 Be1 66. b5 Ba5 67. Kg3 Bb6 68. Kf3 Bc7 0-1

[Event "4NCL/Div1/BRI1 vs. BAR1"]
[Site "West Bromwich ENG"]
[Date "2005.05.01"]
[Round "10.8"]
[White "Lauterbach, Ingrid"]
[Black "Ashby, Ann-Marie"]
[Result "1-0"]
[WhiteElo "2182"]
[BlackElo "2079"]
[PlyCount "47"]
[EventDate "2005.05.01"]
[SourceDate "2004.09.21"]

1. Nf3 Nf6 2. g3 g6 3. Bg2 Bg7 4. O-O O-O 5. d3 d5 6. Nbd2 d4 7. Nb3 Nc6 8. e4
dxe3 9. fxe3 e5 10. e4 Bg4 11. h3 Bxf3 12. Bxf3 Nd4 13. Bg2 b6 14. Kh2 c5 15.
Nd2 Qe7 16. a4 a6 17. Nc4 Qc7 18. Ne3 Rad8 19. Bd2 b5 20. axb5 axb5 21. Ba5 Qc6
22. Bxd8 Rxd8 23. c3 Ne6 24. Nd5 1-0

[Event "4NCL/Div1/WGR2 vs. WES1"]
[Site "West Bromwich ENG"]
[Date "2005.05.01"]
[Round "10.1"]
[White "Emms, John M"]
[Black "Upton, Ian J"]
[Result "1/2-1/2"]
[WhiteElo "2505"]
[BlackElo "2242"]
[PlyCount "45"]
[EventDate "2005.05.01"]
[SourceDate "2004.09.21"]

1. e4 e6 2. d4 d5 3. Nd2 dxe4 4. Nxe4 Nd7 5. Nf3 Ngf6 6. Nxf6+ Nxf6 7. Bg5 h6
8. Bh4 g6 9. Bb5+ c6 10. Bd3 Bg7 11. O-O O-O 12. c3 Qd6 13. Bg3 Qe7 14. Re1 Rd8
15. Qc2 c5 16. dxc5 Qxc5 17. Be5 Bd7 18. Nd4 Rac8 19. Qe2 Qe7 20. Qf3 Be8 21.
Re2 Nd5 22. Rae1 f6 23. Bg3 1/2-1/2

[Event "4NCL/Div1/WGR2 vs. WES1"]
[Site "West Bromwich ENG"]
[Date "2005.05.01"]
[Round "10.2"]
[White "Simons, Martin J"]
[Black "Ward, Christopher"]
[Result "1/2-1/2"]
[WhiteElo "2293"]
[BlackElo "2485"]
[PlyCount "87"]
[EventDate "2005.05.01"]
[SourceDate "2004.09.21"]

1. e4 c5 2. Nc3 Nc6 3. g3 g6 4. Bg2 Bg7 5. d3 d6 6. Be3 Rb8 7. Qd2 b5 8. a3 a5
9. Nge2 Nd4 10. O-O h5 11. h4 Bg4 12. f3 Bd7 13. Rae1 b4 14. axb4 axb4 15. Nd1
b3 16. Bxd4 cxd4 17. c3 dxc3 18. Ndxc3 e6 19. f4 f5 20. d4 Ne7 21. d5 O-O 22.
e5 Qb6+ 23. Kh2 Rfd8 24. exd6 Qxd6 25. Rd1 Nxd5 26. Nxd5 exd5 27. Bxd5+ Kh8 28.
Rf3 Be6 29. Nc3 Bxd5 30. Rd3 Qc6 31. Rc1 Bxc3 32. Rcxc3 Qb6 33. Rxd5 Rxd5 34.
Qxd5 Qf2+ 35. Kh3 Qf1+ 36. Kh2 Re8 37. Qd4+ Kg8 38. Qd5+ Kg7 39. Qd7+ Kf8 40.
Qd6+ Kg7 41. Qd7+ Kf8 42. Qd6+ Kg7 43. Qd7+ Kf8 44. Qd6+ 1/2-1/2

[Event "4NCL/Div1/WGR2 vs. WES1"]
[Site "West Bromwich ENG"]
[Date "2005.05.01"]
[Round "10.3"]
[White "Arakhamia-Grant, Ketevan"]
[Black "Corkett, Anthony R"]
[Result "0-1"]
[WhiteElo "2452"]
[BlackElo "2321"]
[PlyCount "84"]
[EventDate "2005.05.01"]
[SourceDate "2004.09.21"]

1. e4 c5 2. Nf3 Nc6 3. d4 cxd4 4. Nxd4 g6 5. c4 Bg7 6. Be3 Nf6 7. Nc3 O-O 8.
Be2 d6 9. O-O Bd7 10. Nc2 a6 11. f3 Rc8 12. Qd2 Ne5 13. b3 b5 14. cxb5 axb5 15.
Nxb5 Bxb5 16. Bxb5 d5 17. Ba6 Rb8 18. exd5 Nxd5 19. Bf2 Qd6 20. Rfd1 Rfd8 21.
Bf1 Qf6 22. Rac1 e6 23. Bd4 Qh4 24. Qe1 Qh5 25. Qg3 Qf5 26. Kh1 Rbc8 27. Ne3
Nxe3 28. Bxe3 Ra8 29. Rxd8+ Rxd8 30. a4 Nd3 31. Qc7 Bf6 32. Rc4 Nb2 33. Rc1 Nd3
34. Rc4 Nb2 35. Rc2 Rd1 36. Rc1 Rxc1 37. Qxc1 h5 38. Kg1 Qd5 39. Qc2 Nd1 40.
Bb6 Bd4+ 41. Bxd4 Qxd4+ 42. Kh1 Nf2+ 0-1

[Event "4NCL/Div1/WGR2 vs. WES1"]
[Site "West Bromwich ENG"]
[Date "2005.05.01"]
[Round "10.4"]
[White "Webb, Richard M"]
[Black "Littlewood, Paul E"]
[Result "1/2-1/2"]
[WhiteElo "2313"]
[BlackElo "2365"]
[PlyCount "67"]
[EventDate "2005.05.01"]
[SourceDate "2004.09.21"]

1. e4 c5 2. Nf3 d6 3. d4 cxd4 4. Nxd4 Nf6 5. Nc3 g6 6. Be3 Bg7 7. f3 O-O 8. Qd2
Nc6 9. Bc4 Bd7 10. O-O-O Rb8 11. Bb3 Na5 12. h4 b5 13. h5 Nc4 14. Bxc4 bxc4 15.
hxg6 fxg6 16. Bh6 Qb6 17. b3 Bxh6 18. Qxh6 Rf7 19. Qg5 Rc8 20. Kb2 Rc5 21. Qe3
a5 22. Ka1 Qb4 23. Nde2 a4 24. bxa4 Qa5 25. Rb1 Bxa4 26. Rb8+ Rf8 27. Rxf8+
Kxf8 28. Nf4 Ke8 29. Nfd5 Bxc2 30. Nxf6+ exf6 31. Rxh7 Bd3 32. Qc1 Rh5 33. Rxh5
Qxh5 34. Qf4 1/2-1/2

[Event "4NCL/Div1/WGR2 vs. WES1"]
[Site "West Bromwich ENG"]
[Date "2005.05.01"]
[Round "10.5"]
[White "Levitt, Jonathan P"]
[Black "Allicock, Rawle A"]
[Result "1-0"]
[WhiteElo "2441"]
[BlackElo "2292"]
[PlyCount "93"]
[EventDate "2005.05.01"]
[SourceDate "2004.09.21"]

1. d4 Nf6 2. c4 e6 3. Nc3 Bb4 4. e3 Ne4 5. Qc2 f5 6. Bd3 Bxc3+ 7. bxc3 Nf6 8.
f3 d6 9. e4 fxe4 10. fxe4 e5 11. Nf3 Nc6 12. c5 Bg4 13. cxd6 cxd6 14. d5 Nb8
15. Ng5 O-O 16. Rb1 b6 17. O-O Qe8 18. h3 Bc8 19. Qe2 Qg6 20. Ne6 Bxe6 21. dxe6
Nc6 22. Ba3 Rad8 23. Rbd1 Ne7 24. Bc2 Nh5 25. Rxf8+ Kxf8 26. Qf3+ Nf4 27. Bb3
Nc8 28. Bc1 Ke7 29. Bxf4 Rf8 30. Qe2 exf4 31. Rf1 Qg5 32. Bd5 Qe5 33. Qc4 g5
34. Qc7+ Kf6 35. Qxh7 Ne7 36. c4 Ng6 37. Kh1 g4 38. h4 f3 39. gxf3 g3 40. f4
Qb2 41. e5+ dxe5 42. fxe5+ Kxe5 43. Qc7+ Kd4 44. Rd1+ Kc3 45. Qxg3+ Kb4 46.
Qxg6 Rf4 47. Qg3 1-0

[Event "4NCL/Div1/WGR2 vs. WES1"]
[Site "West Bromwich ENG"]
[Date "2005.05.01"]
[Round "10.6"]
[White "Evans-Quek, Suan-Shiau"]
[Black "Pert, Richard G"]
[Result "0-1"]
[WhiteElo "2295"]
[BlackElo "2407"]
[PlyCount "92"]
[EventDate "2005.05.01"]
[SourceDate "2004.09.21"]

1. g3 d5 2. Bg2 Nf6 3. d3 e5 4. Nf3 Nc6 5. c4 Be7 6. cxd5 Nxd5 7. Nc3 Nb6 8.
Be3 O-O 9. O-O Bg4 10. Rc1 Re8 11. a3 Bf8 12. b4 a5 13. h3 Bh5 14. b5 Nd4 15.
g4 Bg6 16. a4 Ba3 17. Rb1 Bb4 18. Bd2 h5 19. Ne1 hxg4 20. hxg4 Rb8 21. Ne4 Bxd2
22. Qxd2 Qh4 23. e3 Bxe4 24. dxe4 Ne6 25. f3 Rbd8 26. Qc2 Qg3 27. Rf2 Rd6 28.
Rd1 Red8 29. Rxd6 Rxd6 30. Kf1 Qh4 31. f4 Nd7 32. f5 Nec5 33. Bf3 Qh3+ 34. Kg1
Qg3+ 35. Kf1 Rh6 36. Nd3 b6 37. Nxc5 Nxc5 38. g5 Qxg5 39. Qd2 Rd6 40. Qc3 Qg3
41. Ke2 Rh6 42. Rg2 Rh2 43. Rxh2 Qxh2+ 44. Kf1 Kf8 45. Bg2 Qh4 46. Qxe5 Nd3 0-1

[Event "4NCL/Div1/WGR2 vs. WES1"]
[Site "West Bromwich ENG"]
[Date "2005.05.01"]
[Round "10.8"]
[White "Evans-Quek, Debbie"]
[Black "Tiller, Bjorn"]
[Result "0-1"]
[WhiteElo "1995"]
[BlackElo "2382"]
[PlyCount "86"]
[EventDate "2005.05.01"]
[SourceDate "2004.09.21"]

1. e4 e6 2. d4 d5 3. Nd2 c5 4. exd5 exd5 5. Bb5+ Nc6 6. Qe2+ Be7 7. dxc5 Nf6 8.
Bxc6+ bxc6 9. b4 a5 10. Qf3 axb4 11. Nb3 O-O 12. Ne2 Bg4 13. Qd3 Re8 14. Be3
Bxe2 15. Qxe2 Ne4 16. O-O Bf6 17. Nd4 Ng3 18. hxg3 Bxd4 19. Rad1 Bxc5 20. Qg4
Bxe3 21. fxe3 Rxa2 22. Qxb4 Qe7 23. Qb1 Qxe3+ 24. Rf2 Ra7 25. Rd3 Qe1+ 26. Rf1
Qe6 27. Qb6 Ra4 28. Rdf3 f6 29. Kh2 Rc4 30. R1f2 Qe4 31. Rf4 Qe3 32. Qc7 Rxf4
33. Rxf4 Qe6 34. Ra4 f5 35. Qa7 h6 36. Qc5 Qg6 37. Qc3 Kh7 38. Ra7 Qh5+ 39. Kg1
d4 40. Qd2 c5 41. Rc7 Re2 42. Qc1 f4 43. c3 fxg3 0-1

[Event "4NCL/Div1/NWE1 vs. BET"]
[Site "West Bromwich ENG"]
[Date "2005.05.01"]
[Round "10.1"]
[White "Trent, Lawrence"]
[Black "Ledger, Andrew J"]
[Result "1/2-1/2"]
[WhiteElo "2387"]
[BlackElo "2450"]
[PlyCount "92"]
[EventDate "2005.05.01"]
[SourceDate "2004.09.21"]

1. e4 c6 2. Nc3 d5 3. Nf3 Bg4 4. h3 Bxf3 5. Qxf3 Nf6 6. d3 e6 7. Qg3 Nh5 8. Qf3
Nf6 9. Qg3 Nh5 10. Qh2 Nf6 11. Bd2 Be7 12. g4 a6 13. g5 Nfd7 14. h4 b5 15. a3
Nb6 16. Bf4 N8d7 17. Bh3 Ra7 18. Kf1 Na4 19. Ne2 dxe4 20. dxe4 Nxb2 21. Be5 Nc4
22. Bxg7 Rg8 23. Bc3 Nc5 24. Qf4 Rd7 25. Ng3 Na4 26. Bb4 c5 27. Be1 Bd6 28. Qf3
Be5 29. Rc1 Nd2+ 30. Bxd2 Rxd2 31. Bg4 Nc3 32. Bh5 Rg7 33. Re1 Rxc2 34. Nf5 Rg6
35. Nh6 Qd7 36. Bxg6 hxg6 37. Ng4 Bd4 38. e5 Nd5 39. h5 Rc3 40. Qf6 Qb7 41.
Qh8+ Kd7 42. hxg6 Nf4 43. Rh2 Qf3 44. Qb8 Qd3+ 45. Kg1 Qg3+ 46. Kf1 Qd3+
1/2-1/2

[Event "4NCL/Div1/NWE1 vs. BET"]
[Site "West Bromwich ENG"]
[Date "2005.05.01"]
[Round "10.2"]
[White "Hunt, Adam C"]
[Black "Jackova, Jana"]
[Result "0-1"]
[WhiteElo "2436"]
[BlackElo "2406"]
[PlyCount "82"]
[EventDate "2005.05.01"]
[SourceDate "2004.09.21"]

1. e4 e5 2. Nf3 Nc6 3. Bb5 a6 4. Ba4 Nf6 5. O-O Be7 6. Re1 b5 7. Bb3 O-O 8. a4
Bb7 9. d3 Re8 10. Nbd2 Bf8 11. Nf1 Na5 12. Ba2 c5 13. Ne3 h6 14. Bd2 b4 15. Nh4
Nxe4 16. dxe4 Qxh4 17. Nf5 Qf6 18. Qh5 c4 19. Re3 Kh7 20. Qh3 Qe6 21. Rae1 d5
22. Rg3 dxe4 23. Qg4 Bc8 24. Qxe4 Qxf5 25. Qxa8 e4 26. Qb8 Qd5 27. Bf4 g5 28.
Be3 Bd6 29. Qb6 f5 30. Bxg5 hxg5 31. Rxg5 Qd2 32. Qe3 Qxe3 33. fxe3 Be5 34. g4
fxg4 35. h4 gxh3 36. Kf2 Rf8+ 37. Ke2 Rf5 38. Rgg1 h2 39. Rg2 Rh5 40. Rh1 Bh3
41. Rf2 Bg4+ 0-1

[Event "4NCL/Div1/NWE1 vs. BET"]
[Site "West Bromwich ENG"]
[Date "2005.05.01"]
[Round "10.3"]
[White "Quillan, Gary"]
[Black "Ansell, Simon"]
[Result "0-1"]
[WhiteElo "2354"]
[BlackElo "2408"]
[PlyCount "112"]
[EventDate "2005.05.01"]
[SourceDate "2004.09.21"]

1. e4 c5 2. Nf3 Nc6 3. Bb5 e6 4. O-O Nge7 5. b3 a6 6. Bxc6 Nxc6 7. Bb2 b5 8. d4
cxd4 9. Nxd4 Qf6 10. Qd3 Bc5 11. c3 Bb7 12. Nd2 O-O 13. a4 Ne5 14. Qg3 bxa4 15.
Rxa4 Rac8 16. Kh1 Ng6 17. f4 Qh4 18. Ne2 Qxg3 19. hxg3 f5 20. e5 Ne7 21. Ba3
Bxa3 22. Rxa3 Nd5 23. Nc4 Rxc4 24. bxc4 Ne3 25. Rb1 Bxg2+ 26. Kg1 Be4 27. Rb4
Nc2 28. Rxa6 Nxb4 29. cxb4 Rb8 30. b5 Bd3 31. Nd4 Bxc4 32. Ra7 Bxb5 33. Nxb5
Rxb5 34. Rxd7 Kf8 35. Kg2 Rb8 36. Kf3 Re8 37. Rc7 Re7 38. Rc8+ Kf7 39. Rc6 Ra7
40. Rb6 h6 41. Rb8 g5 42. Rb3 Ra6 43. Rd3 Kg6 44. Rb3 Kh5 45. Rd3 Ra2 46. fxg5
hxg5 47. Rd6 Ra3+ 48. Kf2 Kg4 49. Rxe6 Rf3+ 50. Ke2 Rxg3 51. Rf6 Kf4 52. e6
Re3+ 53. Kf2 Re4 54. Rg6 g4 55. Kf1 Kf3 56. Rg5 f4 0-1

[Event "4NCL/Div1/NWE1 vs. BET"]
[Site "West Bromwich ENG"]
[Date "2005.05.01"]
[Round "10.4"]
[White "Williams, Simon K"]
[Black "Hanley, Craig A"]
[Result "0-1"]
[WhiteElo "2466"]
[BlackElo "2397"]
[PlyCount "68"]
[EventDate "2005.05.01"]
[SourceDate "2004.09.21"]

1. d4 Nf6 2. c4 g6 3. Nc3 Bg7 4. e4 d6 5. Be2 O-O 6. Be3 Na6 7. g4 c5 8. d5 e6
9. g5 Ne8 10. h4 exd5 11. cxd5 f5 12. gxf6 Nxf6 13. e5 dxe5 14. d6 Bf5 15. Nf3
Nb4 16. Rc1 e4 17. Ne5 Qe8 18. Nb5 Qxe5 19. Rxc5 Nfd5 20. Bd4 Qe6 21. Rc7 Nd3+
22. Qxd3 Nxc7 23. Qc2 Nxb5 24. Bc4 Nxd4 25. Bxe6+ Bxe6 26. Qxe4 Rae8 27. O-O
Rf4 28. Qxb7 Rg4+ 29. Kh1 Rxh4+ 30. Kg2 Bh3+ 31. Kg3 Nf5+ 32. Kf3 Bh6 33. Qb3+
Kf8 34. d7 Rf4# 0-1

[Event "4NCL/Div1/NWE1 vs. BET"]
[Site "West Bromwich ENG"]
[Date "2005.05.01"]
[Round "10.5"]
[White "Littlewood, John E"]
[Black "Naylor, John"]
[Result "1/2-1/2"]
[WhiteElo "2308"]
[BlackElo "2235"]
[PlyCount "116"]
[EventDate "2005.05.01"]
[SourceDate "2004.09.21"]

1. e4 e5 2. Nf3 Nc6 3. Bb5 f5 4. d3 fxe4 5. dxe4 Nf6 6. O-O Bc5 7. Bxc6 bxc6 8.
Nxe5 O-O 9. Nd3 Nxe4 10. Nxc5 Nxc5 11. Be3 Ne6 12. Nd2 c5 13. Ne4 Bb7 14. Qg4
Bxe4 15. Qxe4 Qf6 16. Rad1 d6 17. b3 Qf5 18. Qc4 Kh8 19. Rd5 Qg6 20. Rd2 Nd8
21. Re1 Nc6 22. Bf4 Qg4 23. Bg3 Qxc4 24. bxc4 Kg8 25. Re3 Rfe8 26. Rde2 Rxe3
27. Rxe3 Rb8 28. h3 Rb1+ 29. Kh2 Kf7 30. Rf3+ Ke6 31. Re3+ Kf7 32. Rf3+ Kg6 33.
Rf8 Na5 34. f4 Nxc4 35. f5+ Kg5 36. Rf7 Ne3 37. h4+ Kg4 38. Rxg7+ Kxf5 39. Rf7+
Kg6 40. Rxc7 Nf1+ 41. Kh3 Nxg3 42. Kxg3 Rb2 43. Rd7 Rxa2 44. Rxd6+ Kf7 45. Rd7+
Kg6 46. h5+ Kxh5 47. Rd5+ Kg6 48. Rxc5 a5 49. Kg4 Rb2 50. Rc6+ Kg7 51. Kg5 Rb5+
52. Kf4 a4 53. Rc3 Kf6 54. Ke4 h5 55. Ra3 Rb4+ 56. Kd5 Rb2 57. c4 Rxg2 58. Rxa4
h4 1/2-1/2

[Event "4NCL/Div1/NWE1 vs. BET"]
[Site "West Bromwich ENG"]
[Date "2005.05.01"]
[Round "10.6"]
[White "Ledger, David J"]
[Black "Morrison, Graham"]
[Result "0-1"]
[WhiteElo "2266"]
[BlackElo "2305"]
[PlyCount "84"]
[EventDate "2005.05.01"]
[SourceDate "2004.09.21"]

1. e4 c5 2. Nc3 Nc6 3. g3 g6 4. d3 Bg7 5. Be3 d6 6. Qd2 e5 7. Bg2 Nge7 8. f4
Nd4 9. Nf3 O-O 10. O-O exf4 11. Bxf4 Nxf3+ 12. Rxf3 Qb6 13. Rb1 Be6 14. Rff1
Rad8 15. Bg5 Rde8 16. Kh1 Nc6 17. a3 Qc7 18. Ne2 f6 19. Be3 Ne5 20. Nf4 Bf7 21.
Bg1 Re7 22. Bh3 Rfe8 23. c4 h5 24. Qd1 Qc6 25. b4 b6 26. Nd5 Bxd5 27. cxd5 Qa8
28. bxc5 bxc5 29. d4 cxd4 30. Bxd4 Ng4 31. Bg2 Rxe4 32. Bxe4 Rxe4 33. Bg1 f5
34. Rb5 Kh7 35. Qb3 Qe8 36. Rb7 Re2 37. Qd3 a5 38. Rc1 Kh6 39. Ra7 Rxh2+ 40.
Bxh2 Nf2+ 41. Kg2 Nxd3 42. Rcc7 Qe2+ 0-1

[Event "4NCL/Div1/NWE1 vs. BET"]
[Site "West Bromwich ENG"]
[Date "2005.05.01"]
[Round "10.7"]
[White "Coates, Kenneth G"]
[Black "Ledger, Stephen C"]
[Result "1-0"]
[WhiteElo "2197"]
[BlackElo "2170"]
[PlyCount "73"]
[EventDate "2005.05.01"]
[SourceDate "2004.09.21"]

1. e4 c5 2. c3 b6 3. d4 Bb7 4. Bd3 Nf6 5. Nd2 cxd4 6. cxd4 Nc6 7. Ngf3 Nb4 8.
Bb1 Ba6 9. e5 Nfd5 10. Ne4 Qc7 11. a3 Nc6 12. Bd2 e6 13. Qa4 Bb7 14. O-O Be7
15. Bd3 O-O 16. Rac1 f5 17. exf6 Nxf6 18. Ne5 Qd8 19. Ng5 Rc8 20. Nxe6 dxe6 21.
Nxc6 Rxc6 22. Rxc6 Qd5 23. Rfc1 Bd6 24. f3 Bxc6 25. Rxc6 Bb8 26. Qc4 Qh5 27.
Qxe6+ Kh8 28. h3 Qh4 29. Bc3 Qf4 30. Rc8 Rxc8 31. Qxc8+ Ng8 32. Bc4 Qc1+ 33.
Kf2 Qc2+ 34. Ke3 Qc1+ 35. Ke2 Qc2+ 36. Bd2 Qxc4+ 37. Qxc4 1-0

[Event "4NCL/Div1/NWE1 vs. BET"]
[Site "West Bromwich ENG"]
[Date "2005.05.01"]
[Round "10.8"]
[White "Lyell, Meri"]
[Black "Hughes, Howard R"]
[Result "1/2-1/2"]
[WhiteElo "2001"]
[BlackElo "2216"]
[PlyCount "127"]
[EventDate "2005.05.01"]
[SourceDate "2004.09.21"]

1. e4 d5 2. exd5 Qxd5 3. Nf3 Bg4 4. Be2 Nc6 5. Nc3 Qd7 6. h3 Bh5 7. b3 Nf6 8.
Bb2 O-O-O 9. d3 e6 10. Nd2 Bxe2 11. Nxe2 e5 12. O-O Nd5 13. Nc4 f6 14. a3 g5
15. Ng3 Nf4 16. Qg4 Qxg4 17. hxg4 Bc5 18. Rad1 Nd4 19. Rd2 h5 20. gxh5 Rh6 21.
b4 Bb6 22. Nxb6+ axb6 23. Bxd4 exd4 24. Re1 Nxh5 25. Nxh5 Rxh5 26. f3 Rh7 27.
Rde2 Kd7 28. Re6 Rf7 29. R6e4 Kc6 30. a4 Rfd7 31. f4 Ra8 32. fxg5 fxg5 33. Re5
Rg7 34. a5 bxa5 35. bxa5 Kd6 36. R5e4 c5 37. Re6+ Kc7 38. Ra1 Ra6 39. Rxa6 bxa6
40. Rb1 Rg6 41. Kf2 Rc6 42. Kf3 c4 43. Ke4 cxd3 44. cxd3 Rc5 45. Ra1 Rc2 46. g4
Rf2 47. Kxd4 Rf4+ 48. Ke5 Rxg4 49. Rc1+ Kd7 50. d4 Rg2 51. Rb1 Re2+ 52. Kd5 Ra2
53. Rb7+ Kc8 54. Rg7 Rxa5+ 55. Kc6 Kd8 56. Kd6 Ke8 57. d5 Ra1 58. Rg8+ Kf7 59.
Rxg5 a5 60. Kd7 a4 61. d6 a3 62. Ra5 a2 63. Ra7 Kf8 64. Ra8+ 1/2-1/2

[Event "4NCL/Div1/BET vs. 3CS1"]
[Site "West Bromwich ENG"]
[Date "2005.05.02"]
[Round "11.1"]
[White "Ansell, Simon"]
[Black "Davies, Nigel R"]
[Result "1/2-1/2"]
[WhiteElo "2408"]
[BlackElo "2523"]
[PlyCount "30"]
[EventDate "2005.05.02"]
[SourceDate "2004.09.21"]

1. e4 e5 2. Nf3 Nc6 3. Nc3 Nf6 4. g3 d6 5. Bg2 g6 6. d4 Bg4 7. d5 Nd4 8. Be3
Nxf3+ 9. Bxf3 h5 10. h3 Bd7 11. Qd2 Be7 12. Bg2 h4 13. g4 Nh7 14. f4 Bf6 15.
O-O O-O 1/2-1/2

[Event "4NCL/Div1/BET vs. 3CS1"]
[Site "West Bromwich ENG"]
[Date "2005.05.02"]
[Round "11.2"]
[White "Jonkman, Harmen"]
[Black "Hunt, Adam C"]
[Result "1-0"]
[WhiteElo "2428"]
[BlackElo "2436"]
[PlyCount "99"]
[EventDate "2005.05.02"]
[SourceDate "2004.09.21"]

1. e4 c5 2. c3 Nf6 3. e5 Nd5 4. Nf3 e6 5. d4 cxd4 6. cxd4 d6 7. a3 Nc6 8. Bd3
g6 9. O-O Bg7 10. Re1 dxe5 11. dxe5 O-O 12. Qe2 b6 13. h4 Bb7 14. h5 Qc7 15. h6
Bh8 16. Bg5 Rae8 17. Bc4 Nxe5 18. Nxe5 f6 19. Bb5 fxg5 20. Bxe8 Nf4 21. Qb5 a6
22. Qd7 Bxe5 23. Nc3 Bxg2 24. Ne2 Bd5 25. Nxf4 Rxf4 26. Qxc7 Bxc7 27. Rac1 Rg4+
28. Kf1 Bc4+ 29. Rxc4 Rxc4 30. Rxe6 g4 31. Bd7 Rd4 32. Re7 Bf4 33. Be6+ Kf8 34.
Rxh7 Be5 35. Rf7+ Ke8 36. Ra7 Rf4 37. h7 Rf8 38. Bd7+ Kd8 39. Bxg4 Bxb2 40.
Rxa6 Bd4 41. Ra7 Bb2 42. Rb7 Rh8 43. Rxb6 Bg7 44. Rb8+ Ke7 45. Rxh8 Bxh8 46. a4
Kf7 47. a5 Bd4 48. Be6+ Kg7 49. Bg8 g5 50. f3 1-0

[Event "4NCL/Div1/BET vs. 3CS1"]
[Site "West Bromwich ENG"]
[Date "2005.05.02"]
[Round "11.3"]
[White "Ledger, Andrew J"]
[Black "Gordon, Stephen J"]
[Result "1/2-1/2"]
[WhiteElo "2450"]
[BlackElo "2364"]
[PlyCount "33"]
[EventDate "2005.05.02"]
[SourceDate "2004.09.21"]

1. e4 c5 2. c3 d5 3. exd5 Qxd5 4. d4 Nf6 5. Nf3 e6 6. Be2 Be7 7. O-O O-O 8. c4
Qd8 9. Nc3 cxd4 10. Nxd4 Bd7 11. Be3 Nc6 12. Bf3 Qc8 13. Rc1 Ne5 14. Be2 Rd8
15. c5 a6 16. h3 Ng6 17. Nf3 1/2-1/2

[Event "4NCL/Div1/BET vs. 3CS1"]
[Site "West Bromwich ENG"]
[Date "2005.05.02"]
[Round "11.4"]
[White "Hamelink, Desiree"]
[Black "Williams, Simon K"]
[Result "1-0"]
[WhiteElo "2249"]
[BlackElo "2466"]
[PlyCount "79"]
[EventDate "2005.05.02"]
[SourceDate "2004.09.21"]

1. e4 e6 2. d4 d5 3. Nd2 Nf6 4. e5 Nfd7 5. Bd3 c5 6. c3 Nc6 7. Ngf3 Be7 8. O-O
a5 9. a4 h5 10. Re1 cxd4 11. cxd4 g5 12. Nb3 g4 13. Nfd2 Qb6 14. Bb5 Nxd4 15.
Nc4 Nf3+ 16. gxf3 dxc4 17. Nd2 Qc7 18. Nxc4 Kf8 19. Bf4 Nc5 20. fxg4 b6 21. Nd6
Bb7 22. Qc1 Rh7 23. Ra3 hxg4 24. Nxb7 Qxb7 25. Rg3 Kg8 26. Rxg4+ Kh8 27. Bg3
Rd8 28. Rd1 Rg8 29. Rxg8+ Kxg8 30. Rd4 Rg7 31. Qd1 f5 32. exf6 Bxf6 33. Rg4 Qe7
34. Rxg7+ Bxg7 35. Qg4 Qf6 36. Bc7 e5 37. Bc4+ Kh7 38. Qh5+ Qh6 39. Qxh6+ Kxh6
40. b3 1-0

[Event "4NCL/Div1/BET vs. 3CS1"]
[Site "West Bromwich ENG"]
[Date "2005.05.02"]
[Round "11.5"]
[White "Eames, Robert G"]
[Black "Bentley, John L"]
[Result "1-0"]
[WhiteElo "2321"]
[BlackElo "2216"]
[PlyCount "49"]
[EventDate "2005.05.02"]
[SourceDate "2004.09.21"]

1. e4 c5 2. Nf3 d6 3. d4 cxd4 4. Nxd4 Nf6 5. Nc3 g6 6. Be3 Bg7 7. f3 Nc6 8. Qd2
O-O 9. Bc4 Bd7 10. h4 Rc8 11. Bb3 h5 12. O-O-O Ne5 13. Bg5 Rc5 14. f4 Nc4 15.
Qd3 b5 16. e5 Qa5 17. Bxf6 exf6 18. e6 Bxe6 19. Nxe6 fxe6 20. Qxg6 d5 21. g4
Nxb2 22. Nxd5 Qa3 23. Nxf6+ Rxf6 24. Rd8+ Rf8 25. Bxe6+ 1-0

[Event "4NCL/Div1/BET vs. 3CS1"]
[Site "West Bromwich ENG"]
[Date "2005.05.02"]
[Round "11.6"]
[White "James, Dale R"]
[Black "Ledger, David J"]
[Result "1/2-1/2"]
[WhiteElo "2199"]
[BlackElo "2266"]
[PlyCount "57"]
[EventDate "2005.05.02"]
[SourceDate "2004.09.21"]

1. e4 e5 2. Nf3 Nc6 3. Bb5 Nf6 4. d3 Bc5 5. O-O d6 6. h3 O-O 7. Bg5 h6 8. Be3
Bb6 9. Nbd2 Ne7 10. d4 Ng6 11. c3 c6 12. Bd3 Re8 13. Re1 Bc7 14. Bc2 Be6 15.
Nf1 d5 16. dxe5 Nxe4 17. Bc1 Nh4 18. Ng3 Nxg3 19. fxg3 Nxf3+ 20. Qxf3 Qd7 21.
Qd3 g6 22. Bxh6 Bf5 23. Qf3 Rxe5 24. Rxe5 Bxe5 25. Bxf5 Qxf5 26. Qxf5 gxf5 27.
Bf4 f6 28. Rd1 Kf7 29. Kf2 1/2-1/2

[Event "4NCL/Div1/BET vs. 3CS1"]
[Site "West Bromwich ENG"]
[Date "2005.05.02"]
[Round "11.7"]
[White "Ledger, Stephen C"]
[Black "Walton, Alan J"]
[Result "1/2-1/2"]
[WhiteElo "2170"]
[BlackElo "2178"]
[PlyCount "50"]
[EventDate "2005.05.02"]
[SourceDate "2004.09.21"]

1. b3 e6 2. Bb2 d5 3. Nf3 Nf6 4. e3 b6 5. c4 Bb7 6. cxd5 exd5 7. Be2 Bd6 8. O-O
O-O 9. Ne5 Qe7 10. f4 Nbd7 11. Nxd7 Nxd7 12. Bf3 Nf6 13. Qc2 Ne4 14. Nc3 a6 15.
Rae1 Rfe8 16. g3 f5 17. Re2 c5 18. d3 Nf6 19. Rfe1 Qf7 20. Nd1 Re7 21. Nf2 Rae8
22. e4 dxe4 23. dxe4 Nxe4 24. Nxe4 Bxe4 25. Bxe4 fxe4 1/2-1/2

[Event "4NCL/Div1/BET vs. 3CS1"]
[Site "West Bromwich ENG"]
[Date "2005.05.02"]
[Round "11.8"]
[White "Plant, Paul"]
[Black "Lyell, Meri"]
[Result "0-1"]
[WhiteElo "2123"]
[BlackElo "2001"]
[PlyCount "80"]
[EventDate "2005.05.02"]
[SourceDate "2004.09.21"]

1. d4 d5 2. c4 e5 3. dxe5 d4 4. Nf3 Nc6 5. g3 Be6 6. b3 Bb4+ 7. Bd2 Qd7 8. Bxb4
Nxb4 9. a3 Nc6 10. Nbd2 Nge7 11. Bg2 Rd8 12. O-O Ng6 13. Qc2 Bf5 14. Qb2 Ngxe5
15. Nxe5 Nxe5 16. Nf3 Nxf3+ 17. Bxf3 O-O 18. Rfd1 Rfe8 19. c5 Be4 20. Bxe4 Rxe4
21. Rd2 Qb5 22. b4 Rde8 23. Rad1 a5 24. bxa5 Qxc5 25. Qxb7 Qxa5 26. Qb2 c5 27.
Rc1 h6 28. Rdc2 R4e5 29. f4 Rh5 30. Rc4 Re3 31. a4 Qa8 32. Rf1 Qe4 33. Qc2 Qe7
34. Rb1 d3 35. exd3 Re2 36. Qc1 Rhxh2 37. Re4 Reg2+ 38. Kf1 Rf2+ 39. Kg1 Rhg2+
40. Kh1 Qd7 0-1